LEADER 01126nam0-22003491i-450- 001 990007698030403321 005 20130423113111.0 035 $a000769803 035 $aFED01000769803 035 $a(Aleph)000769803FED01 035 $a000769803 100 $a20030814d1978----km-y0itay50------ba 101 0 $aita 102 $aIT 105 $ay---n---001yy 200 1 $a<>liquidazione del compenso del curatore fallimentare e del commissario giudiziale nelle procedure concorsuali$fGiovanni Lo Cascio 210 $aMilano$cGiuffrè$d1978 215 $a104 p.$d24 cm 225 1 $aQuaderni di Giurisprudenza commerciale$v13 700 1$aLo Cascio,$bGiovanni$0112104 801 0$aIT$bUNINA$gRICA$2UNIMARC 901 $aBK 912 $a990007698030403321 952 $aDPR 12/82-13$b6875$fDEC 952 $aDPR 25-319$b4372$fDEC 952 $a21-AB-67$b838$fDDCP 952 $aVIII G 244 (13)$b108624$fFGBC 959 $aDEC 959 $aDDCP 959 $aFGBC 996 $aLiquidazione del compenso del curatore fallimentare e del commissario giudiziale nelle procedure concorsuali$9681392 997 $aUNINA LEADER 03909nam 2200385 450 001 9910688449703321 005 20230624093558.0 035 $a(CKB)5400000000040279 035 $a(NjHacI)995400000000040279 035 $a(EXLCZ)995400000000040279 100 $a20230624d2020 uy 0 101 0 $aeng 135 $aur||||||||||| 181 $ctxt$2rdacontent 182 $cc$2rdamedia 183 $acr$2rdacarrier 200 10$aAtheist's Bible $eDiderot's E?le?ments de physiologie /$fCaroline Warman 210 1$aCambridge :$cOpen Book Publishers,$d2020. 210 4$d©2020 215 $a1 online resource (x, 428 pages) $cillustrations (some color) 311 $a1-78374-901-6 320 $aIncludes bibliographical references and index. 327 $aIntro -- Contents -- For Leo and Viola -- Preface -- 1. Introduction: The Curious Materialist -- 2. 'Toutes les imperfections de l'inache?vement': The Mystification about the Manuscript Fragments -- 3. Material World and Embodied Mind -- 4. Diderot the Physiologist -- 5. 1790: Naigeon and the Adresse a? l'Assemble?e nationale -- 6. 1792: Naigeon's Article on 'Diderot' in the Encyclope?die me?thodique: Philosophie ancienne et moderne -- 7. 1794: 'Le citoyen Garron', the Comite? d'instruction publique, and the Lost Manuscript of the E?le?ments de physiologie -- 8. 1794-95: Garat and the E?cole normale 9. 1796-97: Cabanis and Destutt de Tracy at the Institut national -- 10. 1798, 1802: Naigeon, the ?uvres de Diderot, and the Censored Preface to Montaigne -- 11. 1820: Garat's Me?moires historiques sur la vie de M. Suard, sur ses e?crits, et sur le XVIIIe sie?cle -- 12. 1823: Naigeon's Me?moires historiques et philosophiques sur la vie et les ouvrages de Denis Diderot -- 13. Conclusion -- Acknowledgements -- Bibliography -- Index -- About the Team. 330 $a'Love is harder to explain than hunger, for a piece of fruit does not feel the desire to be eaten': Denis Diderot's E?le?ments de physiologie presents a world in flux, turning on the relationship between man, matter and mind. In this late work, Diderot delves playfully into the relationship between bodily sensation, emotion and perception, and asks his readers what it means to be human in the absence of a soul. The Atheist's Bible challenges prevailing scholarly views on Diderot's E?le?ments, asserting its contemporary philosophical importance, and prompting its readers to inspect more closely this little-known and little-studied work. In this timely volume, Warman establishes the place of Diderot's E?le?ments in the trajectory of materialist theories of nature and the mind stretching back to Epicurus and Lucretius, and explores the fascinating reasons behind scholarly neglect of this seminal work. In turn, Warman outlines the hitherto unacknowledged dissemination and reception of Diderot's E?le?ments, demonstrating how Diderot's E?le?ments was circulated in manuscript-form as early as the 1790s, thus showing how the text came to influence the next generations of materialist thinkers. This book is accompanied by a digital edition of Jacques-Andre? Naigeon's Me?moires historiques et philosophiques sur la vie et les ouvrages de Denis Diderot (1823), a work which, Warman argues, represents the first publication of Diderot's E?le?ments, long before its official publication date of 1875. The Atheist's Bible constitutes a major contribution to the field of Diderot studies, and will be of further interest to scholars and students of materialist natural philosophy in the Age of Enlightenment and beyond. 517 $aAtheist's Bible 606 $aMaterialism 615 0$aMaterialism. 676 $a146.3 700 $aWarman$b Caroline$0441850 801 0$bNjHacI 801 1$bNjHacl 906 $aBOOK 912 $a9910688449703321 996 $aAtheist's Bible$93391561 997 $aUNINA LEADER 03646nam 22004212 450 001 9910798703603321 005 20180709104400.0 010 $a1-78330-145-7 035 $a(CKB)3710000000908729 035 $a(MiAaPQ)EBC4718664 035 $a(UkCbUP)CR9781783301454 035 $a(EXLCZ)993710000000908729 100 $a20180510d2016|||| uy| 0 101 0 $aeng 135 $aur||||||||||| 181 $ctxt$2rdacontent 182 $cc$2rdamedia 183 $acr$2rdacarrier 200 00$aBeing evidence based in library and information practice /$fEdited by Denise Koufogiannakis and Alison Brettle$b[electronic resource] 210 1$aLondon :$cFacet,$d2016. 215 $a1 online resource (xiv, 208 pages) $cdigital, PDF file(s) 300 $aTitle from publisher's bibliographic system (viewed on 05 Jul 2018). 311 $a1-78330-071-X 311 $a1-78330-119-8 320 $aIncludes bibliographical references and index. 327 $aIntroduction / Denise Koufogiannakis and Alison Brettle -- A new framework for EBLIP / Denise Koufogiannakis and Alison Brettle -- Articulate / Alison Brettle and Denise Koufogiannakis -- Assemble / Denise Koufogiannakis and Alison Brettle -- Assess / Alison Brettle and Denise Koufogiannakis -- Agree / Denise Koufogiannakis and Alison Brettle -- Adapt / Alison Brettle and Denise Koufogiannakis -- Practitioner-researchers and EBLIP / Virginia Wilson -- Academic libraries / Mary M. Somerville and Lorie A. Kloda -- Public libraries / Pam Ryan and Becky Cole -- Health libraries / Jonathan D. Eldredge, Joanne Gard Marshall, Alison Brettle, Heather N. Holmes, Lotta Haglund and Rick Wallace -- School libraries / Carol A. Gordon -- Special libraries / Bill Fisher -- Conclusion / Denise Koufogiannakis and Alison Brettle. 330 $aThis book builds a research-grounded, theoretical foundation for evidence based library and information practice and illustrates how librarians can incorporate the principles to make more informed decisions in the workplace. The book takes an open and encompassing approach to exploring evidence based library and information practice (EBLIP) and the ways it can improve the practice of librarianship. Bringing together recent theory, research, and case studies, the book provides librarians with a new reference point for how they can use and create evidence within their practice, in order to better meet the needs of their communities. Being Evidence Based in Library and Information Practice is divided into two parts; in the first part the editors explore the background to EBLIP and put forward a new model for its application in the workplace which encompasses 5 elements: Articulate, Assemble, Assess, Agree, Adapt. In the second part, contributors from academic, public, health, school and special libraries from around the world provide an overview of EBLIP developments in their sector and offer examples of successful implementation. Being Evidence Based in Library and Information Practice will be essential reading for library and information professionals from all sectors who want to make more informed decisions and better meet the needs of their users. The book will also be of interest to students of library and information studies and researchers. 606 $aLibrary science$xResearch 615 0$aLibrary science$xResearch. 676 $a020.72 702 $aKoufogiannakis$b Denise 702 $aBrettle$b Alison 801 0$bUkCbUP 801 1$bUkCbUP 906 $aBOOK 912 $a9910798703603321 996 $aBeing evidence based in library and information practice$93830179 997 $aUNINA